| 000 | 00436nam a2200169 a 4500 | ||
|---|---|---|---|
| 001 | 0000-8602 | ||
| 003 | ELIB.Books | ||
| 008 | 110520 1916 | ||
| 035 | _a(ELIB.Books)0000-8748 | ||
| 082 |
_a252.058 _bJow |
||
| 100 | _aJowett, John Henry | ||
| 245 | _aThe Whole Armous of God | ||
| 260 |
_bNew York: Fleming H. Revell Company _c1916 |
||
| 650 | _aHomiletics | ||
| 942 |
_2ddc _cBK |
||
| 998 |
_cbat _e2011-05-20 |
||
| 999 |
_c8602 _d8602 |
||